E agora onde está Wally? (Registo nº 4253)

Detalhes MARC
000 -Etiqueta do registo
Cabeçalho 00786cam a2200301 4500
005 - Identificador da versão
Campo de controlo 20240813122056.0
095 ## -
-- PTBN00259352
010 ## - Número internacional normalizado dos livros (ISBN)
Número (ISBN) 972710004X
021 ## - Número do Depósito Legal
Código do país PT
Número 36708/90
100 ## - Dados gerais de processamento
Dados gerais de processamento 19900813d1990 a y0pory5003 ba
102 ## - Pais de publicação ou produção
País de publicação Portugal
101 1# - Língua de publicação
Língua do texto, banda sonora, etc. Português
Língua do documento no original Inglês
106 ## - Campo de dados codificados: material textual
Dados codificados do material textual r
105 ## - Campo de dados codificados: livros
Dados codificados dos livros a t 000yy
215 ## - Descrição física 
Indicação específica da natureza do documento e extensão da espécie [28] p.
Outras indicações físicas toda il.
Dimensões 33 cm
200 1# - Titulo e menção de responsabilidade
Título próprio E agora onde está Wally?
Primeira menção de responsabilidade Martin Handford
Outras menções de responsabilidade trad. Ana Paula Faria
225 1# - Colecção 
Título próprio da colecção Wally
Indicação de volume 1
205 ## - Menção da edição
Menção da edição 1ª ed
210 ## - Publicação, Distribuição, etc. 
Lugar da edição, distribuição, etc. Mem Martins
Nome do editor, distribuidor, etc. Terramar
Data da publicação, distribuição, etc. 1990
304 ## - Notas relativas a título e menção de responsabilidade 
Texto da nota Tít. orig. : Where's Wally now?
675 ## - Classificação Decimal Universal (CDU)
Notação 087.5
Edição BN
Língua da edição por
702 #1 - Nome de autor-pessoa física (responsabilidade secundária)
Número de registo de entrada de autoridade 0000911
Palavra de ordem Faria
Outra parte do nome não tomada para palavra de ordem Ana Paula
Código de função Tradutor
700 #1 - Nome de autor-pessoa física (responsabilidade principal)
Número de registo de entrada de autoridade 0000946
Palavra de ordem Handford
Outra parte do nome não tomada para palavra de ordem Martin
942 ## - Elementos de entrada adicionados (Koha)
Tipo de item no Koha Livro
Exemplares
Situação do levantamento Origin of item (home branch) (coded) Biblioteca de empréstimo Código de barras Cota Circulation type (not for loan) Tipo de documento Nota do exemplar Damaged status
  Biblioteca Escolar das Vendas Biblioteca Escolar das Vendas BEV1167 3 HAN   Livro Sem mensagem